000 00410nam a22001577a 4500
005 20200528101309.0
008 200528b xxu||||| |||| 00| 0 eng d
041 _aeng
082 _a340
100 _aBARE ACT
_95744
245 _aTHE WEAPONS OF MASS DESTRUCTION AND THEIR DELIVERY SYSTEMS ACT, 2005
260 _aDELHI
_bPROFESSIONALS BOOK PUBLISHERS
300 _a11;p
650 _aLAW
_95701
942 _cBK
999 _c6556
_d6554